John Rae 200 Conference Proceedings (Record no. 116268)

MARC details
000 -LEADER
fixed length control field 01079cam a22002295a 4500
001 - CONTROL NUMBER
control field L160189
008 - FIXED-LENGTH DATA ELEMENTS--GENERAL INFORMATION
fixed length control field 181109s2014 xxk f 000 0 eng d
020 ## - INTERNATIONAL STANDARD BOOK NUMBER
International Standard Book Number 9780953594566
035 ## - SYSTEM CONTROL NUMBER
System control number (Sirsi) u160189
041 0# - LANGUAGE CODE
Language code of text/sound track or separate title eng
245 00 - TITLE STATEMENT
Title John Rae 200 Conference Proceedings
260 ## - PUBLICATION, DISTRIBUTION, ETC.
Place of publication, distribution, etc. Kirkwall
Name of publisher, distributor, etc. Orkney Heritage Soicety
Date of publication, distribution, etc. 2014
300 ## - PHYSICAL DESCRIPTION
Extent 216p, Illus ; 26 cm
490 #0 - SERIES STATEMENT
Series statement New Orkney Antiquarian Journal
Volume/sequential designation Vol 7 2014
520 ## - SUMMARY, ETC.
Summary, etc. Brings together a series of papers presented at the John Rae Conference held in Stromness, Orkney in September 2013 held to explore the life and legacy of explorer John Rae to celebrate the 200 anniversary of his birth. Focuses on John Rae and his Arctic Exploration including discovery of the lost Franklin Exhibition, museum collections and archive sources about John Rae and his connection with the Hudson Bay Company and Orcadians in the North West Canada. Illustrated.
650 24 - SUBJECT ADDED ENTRY--TOPICAL TERM
Topical term or geographic name entry element JOHN RAE
650 24 - SUBJECT ADDED ENTRY--TOPICAL TERM
Topical term or geographic name entry element SIR JOHN FRANKLIN
650 24 - SUBJECT ADDED ENTRY--TOPICAL TERM
Topical term or geographic name entry element ARCTIC EXPLORERS
651 #4 - SUBJECT ADDED ENTRY--GEOGRAPHIC NAME
Geographic name International
690 ## - LOCAL SUBJECT ADDED ENTRY--TOPICAL TERM (OCLC, RLIN)
Topical term or geographic name as entry element Hydrography
9 (RLIN) 6245
942 ## - ADDED ENTRY ELEMENTS (KOHA)
Suppress in OPAC 0
Holdings
Withdrawn status Lost status Source of classification or shelving scheme Damaged status Not for loan Home library Current library Shelving location Date acquired Total Checkouts Full call number Barcode Date last seen Copy number Price effective from Koha item type
    Dewey Decimal Classification     London London Books 09/11/2018   920 RAE 30078942 06/08/2019 1 06/08/2019 Book